000 00568nam a2200181Ia 4500
008 090123s9999 xx 000 0 und d
082 _b17947
_a891.463/रांग
100 _aरांगणेकर कुमुदिनी
245 _aनक़ळत
250 _a1
260 _bअर्चना प्रकाशन
_c1990
300 _a187
600 _aरांगणेकर कुमुदिनी
630 _aनक़ळत
700 _aरांगणेकर कुमुदिनी
730 _aनक़ळत
942 _cBOOK
999 _c56007
_d56007